Fourier optics and computational imaging / (Record no. 171783)
[ view plain ]
| 000 -LEADER | |
|---|---|
| fixed length control field | 01014cam a2200289 i 4500 |
| 001 - CONTROL NUMBER | |
| control field | 1358219398 |
| 003 - CONTROL NUMBER IDENTIFIER | |
| control field | OCoLC |
| 005 - DATE AND TIME OF LATEST TRANSACTION | |
| control field | 20250521162548.0 |
| 008 - FIXED-LENGTH DATA ELEMENTS--GENERAL INFORMATION | |
| fixed length control field | 230112s2023 sz a ob 001 0 eng d |
| 020 ## - INTERNATIONAL STANDARD BOOK NUMBER | |
| Canceled/invalid ISBN | 9783031183522 |
| 040 ## - CATALOGING SOURCE | |
| Original cataloging agency | GW5XE |
| Language of cataloging | eng |
| Description conventions | rda |
| Transcribing agency | NUST |
| Modifying agency | NUST |
| 050 #4 - LIBRARY OF CONGRESS CALL NUMBER | |
| Classification number | QC454 KHA |
| 100 1# - MAIN ENTRY--PERSONAL NAME | |
| Personal name | Khare, Kedar, |
| Relator term | Author |
| 245 10 - TITLE STATEMENT | |
| Title | Fourier optics and computational imaging / |
| Statement of responsibility, etc. | Kedar Khare, Mansi Butola, Sunaina Rajora |
| 250 ## - EDITION STATEMENT | |
| Edition statement | Second edition |
| 260 ## - PUBLICATION, DISTRIBUTION, ETC. | |
| Place of publication, distribution, etc. | Switzerland; |
| Name of publisher, distributor, etc. | Springer, |
| Date of publication, distribution, etc. | 2023. |
| 300 ## - PHYSICAL DESCRIPTION | |
| Extent | xv, 294 pages : |
| Other physical details | illustrations (some color) |
| Dimensions | 25 cm. |
| 336 ## - CONTENT TYPE | |
| Content type term | text |
| Content type code | txt |
| Source | rdacontent |
| 337 ## - MEDIA TYPE | |
| Media type term | unmediated |
| Media type code | n |
| Source | rdamedia |
| 338 ## - CARRIER TYPE | |
| Carrier type term | volume |
| Carrier type code | nc |
| Source | rdacarrier |
| 504 ## - BIBLIOGRAPHY, ETC. NOTE | |
| Bibliography, etc. note | Includes bibliographical references and index |
| 650 #0 - SUBJECT ADDED ENTRY--TOPICAL TERM | |
| Topical term or geographic name entry element | Fourier transform optics. |
| 650 #0 - SUBJECT ADDED ENTRY--TOPICAL TERM | |
| Topical term or geographic name entry element | Image processing |
| General subdivision | Digital techniques |
| -- | Mathematics. |
| 700 1# - ADDED ENTRY--PERSONAL NAME | |
| Personal name | Butola, Mansi, |
| Relator term | Author |
| 700 1# - ADDED ENTRY--PERSONAL NAME | |
| Personal name | Rajora, Sunaina, |
| Relator term | Author |
| 942 ## - ADDED ENTRY ELEMENTS (KOHA) | |
| Source of classification or shelving scheme | Library of Congress Classification |
| Suppress in OPAC | No |
| Koha item type | Ordinary Loan Books |
| Edition | Second Edition |
| Classification part | QC454.KHA |
| Call number prefix | QC |
| Call number suffix | KHA |
| Withdrawn status | Lost status | Source of classification or shelving scheme | Damaged status | Not for loan | Collection | Home library | Current library | Shelving location | Date acquired | Source of acquisition | Cost, normal purchase price | Total Checkouts | Full call number | Barcode | Date last seen | Accession number | Cost, replacement price | Price effective from | Koha item type | Public note |
|---|---|---|---|---|---|---|---|---|---|---|---|---|---|---|---|---|---|---|---|---|
| LCC | NFIC | MAIN | MAIN | GEN | 05/16/2025 | Book Aid International | 86.00 | QC454 KHA | 92004054434 | 05/16/2025 | 61853 | 86.00 | 05/15/2025 | BOOKS | Donation |